Stále vo svete práce a vízií
Rozhovor s vedúcim Katedry zahraničného obchodu EU - prof. Ing. Petrom Balážom, PhD pri príležitosti jeho 50. ročného jubilea o jeho vedeckej práci a publikačnej činnosti.
Salvato in:
| Autore principale: | |
|---|---|
| Altri autori: | |
| Natura: | Capitolo di libro |
| Lingua: | slovacco |
| Soggetti: | |
| Tags: |
Nessun Tag, puoi essere il primo ad aggiungerne!!
|
MARC
| LEADER | 00000naa$a2200000$$$4500 | ||
|---|---|---|---|
| 001 | 0023846 | ||
| 005 | 20240502071418.6 | ||
| 041 | 0 | |a slo | |
| 044 | |a SK | ||
| 245 | 1 | 0 | |a Stále vo svete práce a vízií |c Ladislav Hvizdoš, Peter Baláž |
| 520 | |a Rozhovor s vedúcim Katedry zahraničného obchodu EU - prof. Ing. Petrom Balážom, PhD pri príležitosti jeho 50. ročného jubilea o jeho vedeckej práci a publikačnej činnosti. | ||
| 610 | 2 | 0 | |a vzdelávanie vysokoškolské |
| 610 | 2 | 0 | |a učitelia |
| 610 | 2 | 0 | |a práca vedecká |
| 610 | 2 | 0 | |a Ekonomická univerzita v Bratislave |
| 100 | 1 | |a Hvizdoš, Ladislav | |
| 700 | 1 | |a Baláž, Peter | |